000 00344nam a22001577a 4500
003 SGT
020 _a9788180388477
082 _a342.540 87,DES
100 _aDESAI,SATYAJEET A.
245 _aMULLA HINDU LAW
250 _a21ST
260 _aNEW DELHI
_bLEXIS NEXIS
_c2015
300 _a1465
650 _aMULLA HINDU LAW
942 _2ddc
_cBK
999 _c10498
_d10498